000 00597nam a22001817a 4500
005 20141013111111.0
010 _aENG-110900
020 _a9789351432456
_c650.00
035 _aEN-94432
037 _bDBAD/PUB
100 _aBhadbhade, Nilima
245 _aSpecific performance of contracts :
_cby Nilima Bhadbhade
_bthe tests of inadequacy and effective enforcement /
260 _aGurgaon
_bLexis Nexis
_c2014
270 _a14th Floor, Building No.10, Tower-B, DLF Cyber City, Phase-II
_bGurgaon
_e122002
300 _axxxiv,412p.
_c24cm(pbk)
500 _aIncludes index
942 _2ddc
_cEN
_mBHA
999 _c88801
_d88801